000 00501cam a22002054a 4500
005 20250605164243.0
008 250528s ||||||||||||||||||||||||d
035 _a21403
040 _aGR-AtMCL
_bgre
_dGR-AtMCL
_eAACR2
245 1 _aΗ ΔΙΑΦΗΜΙΣΗ
250 _a1
260 _c1977
300 _a132
700 1 _aDe Plas Bernard
_97446
700 1 _aVerdier Henri
_97447
700 1 _aΙωαν. Ν. Ζαχαροπουλου
_95802
942 _cBK
999 _c6466
_d6466